| 000 | 01279nam a2200337 a 4500 | ||
|---|---|---|---|
| 008 | 951122s1986||||[C 0 slo c | ||
| 020 |
_c51 Kčs. _q(15000 výtl.) |
||
| 040 |
_aSNK _bslo _cSNK _eAACR2 |
||
| 041 | 1 |
_aslo _hita |
|
| 080 | _a78 | ||
| 100 | 1 |
_aAngeli, Oriente _4aut |
|
| 245 | 1 | 0 |
_aPrvé stretnutie s hudbou _cOriente Angeli ; Jonas Bruveris, Ladislav Mokrý, Jela Krčméry-Vrteľová, Felix Kostolanský, Jonas Bruveris, Roman Bunčák, Pavel Khol, Ivan Galamboš, Igor Grosmann, Kamil Vyskočil, Irena Závodná, Jela Krčméry-Vrteľová |
| 250 | _a1., vyd. | ||
| 260 |
_aBratislava _bMladé letá _c1986 _eBanská Bystrica _fTlačiarne SNP |
||
| 300 |
_a199 s., 25,56 AH _c27 cm |
||
| 500 | _aIlustr. na front. a predsádkach. Pre čitateľov od 11 rokov. | ||
| 700 | 1 |
_aBruveris, Jonas _4aut |
|
| 700 | 1 |
_aMokrý, Ladislav _4aut |
|
| 700 | 1 |
_aKrčméry-Vrteľová, Jela _4trl |
|
| 700 | 1 |
_aKostolanský, Felix _4trl |
|
| 700 | 1 |
_aBruveris, Jonas _4[ADC] |
|
| 700 | 1 |
_aBunčák, Roman _4bkd |
|
| 700 | 1 |
_aKhol, Pavel _4bkd |
|
| 700 | 1 |
_aGalamboš, Ivan _4bkd |
|
| 700 | 1 |
_aGrosmann, Igor _4bkd |
|
| 700 | 1 |
_aVyskočil, Kamil _4bkd |
|
| 700 | 1 |
_aZávodná, Irena _4bkd |
|
| 700 | 1 |
_aKrčméry-Vrteľová, Jela _4oth |
|
| 044 |
_axo _cSK |
||
| 958 | _aA | ||
| 999 |
_c15088 _d15088 |
||